000 01057nam a2200301 c 4500
003 BLK
005 20190222171018.0
008 180408b bul|||||r ||||||| ||bul||
010 _aKNG00038088000
020 _a978-954-491-597-1
_bиздат.: Жанет 45
040 _aBLK
041 _aBUL
_cBUL
072 7 _2bullib
_aН84
_xБългарска художествена литература Н
080 _aБългарска литература
_b821.163.2
_x-054.7-31
_z821.163.2-054.7-31
100 1 _aХодкевич, Леони Леонидова
_eпърви автор
_9252934
139 _aХодкевич, Леони Леонидова
_bХ 58
245 1 0 _aЩаделбауер
_bРоман
_cЛеони Леонидова Ходкевич.
257 _aBGR
260 Пловдив
_bЖанет 45
_c2010
300 _a175 с.
_c20 см
380 _aX
659 _aН
852 _aЦб 251649
856 4 _qpdf
_u
856 4 _qpdf
_u
942 _cKNG
_n0
_06
944 _aCR
_c05.05.2011
_kГеновева_Генчева
944 _aED
_c30.08.2011
_k
999 _c35355
_d35355